La Economía mundial, 1820-1992: Análisis y estadísticas/ por Angus Maddison. (Record no. 137970)

MARC details
000 -CABECERA
campo de control de longitud fija 00676nam a2200217 a 4500
005 - FECHA Y HORA DE LA ÚLTIMA TRANSACCIÓN
campo de control 20220923063448.0
008 - ELEMENTOS DE LONGITUD FIJA--INFORMACIÓN GENERAL
campo de control de longitud fija 081108s2000 mx r 000 0 spa d
020 ## - NÚMERO INTERNACIONAL NORMALIZADO PARA LIBROS
Número Internacional Estándar del Libro 9264445498
035 ## - NÚMERO DE CONTROL DEL SISTEMA
Número de control de sistema UPN01000165858
049 ## - COLECCIÓN
Colección UNE
080 ## - NÚMERO DE CLASIFICACIÓN DECIMAL UNIVERSAL
Número de la Clasificación Decimal Universal 33 (091) (100) "1997" MAD.
100 1# - ASIENTO PRINCIPAL--NOMBRE PERSONAL
Nombre de persona Maddison, Angus
245 13 - MENCIÓN DE TÍTULO
Título La Economía mundial, 1820-1992: Análisis y estadísticas/ por Angus Maddison.
260 ## - PUBLICACIÓN, DISTRIBUCIÓN, ETC.
Lugar de publicación, distribución, etc. París: OCDE, 1997.
300 ## - DESCRIPCIÓN FÍSICA
Extensión 355 p.; 23 cm. il., retrs., fot.
440 #0 - MENCIÓN DE SERIE/ASIENTO SECUNDARIO--TÍTULO
Título Estudios del Centro de Desarrollo
690 ## - PUNTO DE ACCESO ADICIONAL DE MATERIA LOCAL--TÉRMINO DE MATERIA (OCLC, RLIN)
Término de materia o nombre geográfico como elemento inicial Historia económica
9 (RLIN) 10243
690 ## - PUNTO DE ACCESO ADICIONAL DE MATERIA LOCAL--TÉRMINO DE MATERIA (OCLC, RLIN)
Término de materia o nombre geográfico como elemento inicial Crecimiento económico
690 ## - PUNTO DE ACCESO ADICIONAL DE MATERIA LOCAL--TÉRMINO DE MATERIA (OCLC, RLIN)
Término de materia o nombre geográfico como elemento inicial Economía- Análisis económico
905 ## - TIPO DE MATERIAL
Tipo de material UNESCO

No items available.